| 000 | 00000nam 2200000zi 4500 |
| 001 | 9.901350 |
| 003 | CaOODSP |
| 005 | 20250806095212 |
| 006 | m o d f |
| 007 | cr cn||||||||| |
| 008 | 210630t20212021oncd obs f000 0 fre d |
| 040 | |aCaOODSP|bfre|erda|cCaOODSP |
| 043 | |an-cn--- |
| 086 | 1 |aCS82-625/2021001-3F-PDF |
| 245 | 00|aNiveaux de cholestérol chez les adultes, 2016-2019. |
| 264 | 1|a[Ottawa] : |bStatistique Canada = Statistics Canada, |c2021. |
| 264 | 4|c©2021 |
| 300 | |a1 ressource en ligne (10 pages) : |bgraphiques en couleur. |
| 336 | |atexte|btxt|2rdacontent/fre |
| 337 | |ainformatique|bc|2rdamedia/fre |
| 338 | |aressource en ligne|bcr|2rdacarrier/fre |
| 490 | 1 |aFeuillets d'information de la santé |
| 500 | |a« Date de diffusion : le 28 juin 2021. » |
| 500 | |aTitre de départ. |
| 500 | |aPublié aussi en format HTML. |
| 500 | |aPublié aussi en anglais sous le titre : Cholesterol levels of adults, 2016-2019. |
| 504 | |aComprend des références bibliographiques (page 10). |
| 650 | 6|aCholestérolémie|zCanada|vStatistiques. |
| 655 | 7|aStatistiques|2rvmgf |
| 710 | 2 |aStatistique Canada, |eorganisme de publication. |
| 775 | 08|tCholesterol levels of adults, 2016-2019.|w(CaOODSP)9.901349 |
| 830 | #0|aFeuillets d'information de la santé (Statistique Canada)|w(CaOODSP)9.503915 |
| 856 | 40|qPDF|s1.76 Mo|uhttps://publications.gc.ca/collections/collection_2021/statcan/82-625-x/82-625-2021001-3-fra.pdf |
| 856 | 4 |qHTML|sS.O.|uhttps://www150.statcan.gc.ca/n1/pub/82-625-x/2021001/article/00003-fra.htm |